Introduction to Data Base Management (Record no. 184)

MARC details
000 -LEADER
fixed length control field 00424nam a22001697a 4500
005 - DATE AND TIME OF LATEST TRANSACTION
control field 20260121152327.0
008 - FIXED-LENGTH DATA ELEMENTS--GENERAL INFORMATION
fixed length control field 160428b xxu||||| |||| 00| 0 eng d
020 ## - INTERNATIONAL STANDARD BOOK NUMBER
ISBN 0-07-460294-2
041 ## - LANGUAGE CODE
Language code of text/sound track or separate title eng
082 ## - DEWEY DECIMAL CLASSIFICATION NUMBER
Classification number 005.74
100 ## - MAIN ENTRY--AUTHOR NAME
Personal name Prakash Naveen
245 ## - TITLE STATEMENT
Title Introduction to Data Base Management
260 ## - PUBLICATION, DISTRIBUTION, ETC. (IMPRINT)
Place of publication New Delhi
Name of publisher TMH Publ.co.Ltd.
Year of publication 2003
300 ## - PHYSICAL DESCRIPTION
Number of Pages 304
650 ## - SUBJECT ADDED ENTRY--TOPICAL TERM
Topical Term Information Technology
942 ## - ADDED ENTRY ELEMENTS (KOHA)
Koha item type Books
Holdings
Lost status Damaged status Home library Date acquired Cost, normal purchase price Full call number Accession Number Koha item type Collection code Current library Shelving location
    JRU Library 28/04/2016 150.00 00642 00642 Books      
    JRU Library 28/04/2016 150.00 005.74 00643 Books Reference JRU Library SHELF-52-A
    JRU Library 28/04/2016 150.00 005.74 00644 Books CS/IT JRU Library SHELF-52-A
    JRU Library 28/04/2016 150.00 00642 00645 Books      
    JRU Library 28/04/2016 150.00 00642 00646 Books CS/IT JRU Library SHELF - 69 N